000 00675nam a22001817a 4500
003 UA-OsUOA
001 14773
007 ta
008 20031019b un ||||| |||| 00| 0 ukr d
100 _aМарчук П.
942 _cSA
040 _aUA-OsUOA
_cUA-OsUOA
_dUA-OsUOA
245 _aФранцузи слухають бандуристку
_b[Рівнен. бандуристка М.Очеретяна виступила на Міжнар. фест. гітаристів у м. Беарін (Франція)]
300 _aС.6
955 _a0
773 0 _w0
_tНова Волинь
_dРівне
_d2003
_g№38/11 верес./
650 7 _aКраєзнавча робота
_2UDC
999 _c300937
_d300937